| 000 | 01694nam a2200421Ii 4500 | ||
|---|---|---|---|
| 001 | DIGBOSCH0326 | ||
| 003 | NyNyDIG | ||
| 006 | m o d | ||
| 007 | cr ||||||||||| | ||
| 008 | 230411s2022 sp ob 000 0 por d | ||
| 035 | _a(OCoLC)1347695337 | ||
| 040 |
_aDGITA _beng _erda _epn _cDGITA |
||
| 020 |
_a9788419045553 _qdigital |
||
| 020 |
_z9788419045546 _qpapel |
||
| 043 | _ae-sp--- | ||
| 050 | 1 | 4 | _aKKT1542 ebook |
| 100 | 1 |
_aFlorit Fernández, Carmen, _d1981- _eauthor. |
|
| 245 | 1 | 4 |
_aLos menores e internet : _briesgos y derechos : especial consideración de la nueva Ley Orgánica 8/2021, de 4 de junio de Protección Integral de la Infancia y la Adolescencia frente a la Violencia / _cCarmen Florit Fernández. |
| 264 | 1 |
_aBarcelona : _bJ.M. Bosch Editor, _c2022. |
|
| 300 | _a1 online resource. | ||
| 336 |
_atext _btxt _2rdacontent |
||
| 337 |
_acomputer _bc _2rdamedia |
||
| 338 |
_aonline resource _bcr _2rdacarrier |
||
| 347 |
_atext file _2rdaft |
||
| 347 | _bPDF | ||
| 504 | _aIncludes bibliographical references. | ||
| 588 | 0 | _aOnline resource; title from PDF title page (Digitalia, viewed April 11, 2023) | |
| 650 | 0 |
_aChild welfare _zSpain. |
|
| 650 | 0 |
_aChildren's rights _zSpain. |
|
| 650 | 0 |
_aInternet and children _zSpain. |
|
| 650 | 0 |
_aTechnology and law _zSpain. |
|
| 791 | 2 |
_aDigitalia (Firm), _edistributor. |
|
| 793 | 0 |
_gDigitalia eBook Collection: _aBosch Editor |
|
| 776 | 0 | 8 |
_iPrint version: _aFlorit Fernández, Carmen, 1981- _tMenores e internet. _dBarcelona : J.M. Bosch Editor, 2022 _z9788419045546 |
| 856 | 4 | 0 |
_3Digitalia Hispánica _uhttps://www.digitaliapublishing.com/a/119093/ |
| 910 | _aPremium collection: 2023 | ||
| 942 | _cRAA | ||
| 999 |
_c275899 _d275899 |
||